Periodic Table Elements By Symbol - Statistics

General Stats
  • This quiz has been taken 259 times
  • The average score is 73 of 118
Answer Stats
Element Symbol % Correct
Hydrogen H
100%
Helium He
99%
Boron B
98%
Beryllium Be
98%
Carbon C
98%
Fluorine F
98%
Lithium Li
98%
Nitrogen N
98%
Neon Ne
98%
Oxygen O
98%
Aluminium Al
97%
Sulfur S
97%
Silicon Si
97%
Calcium Ca
96%
Magnesium Mg
96%
Phosphorus P
96%
Argon Ar
95%
Chlorine Cl
95%
Scandium Sc
95%
Titanium Ti
95%
Vanadium V
95%
Chromium Cr
94%
Cobalt Co
93%
Potassium K
93%
Manganese Mn
93%
Sodium Na
93%
Nickel Ni
92%
Iron Fe
91%
Gallium Ga
89%
Zinc Zn
89%
Bromine Br
88%
Germanium Ge
88%
Krypton Kr
87%
Selenium Se
87%
Arsenic As
86%
Copper Cu
84%
Rubidium Rb
84%
Yttrium Y
83%
Strontium Sr
82%
Zirconium Zr
80%
Niobium Nb
79%
Cadmium Cd
78%
Indium In
78%
Rhodium Rh
76%
Xenon Xe
76%
Palladium Pd
75%
Ruthenium Ru
74%
Silver Ag
73%
Barium Ba
73%
Iodine I
73%
Technetium Tc
73%
Cesium Cs
72%
Molybdenum Mo
72%
Tellurium Te
69%
Cerium Ce
68%
Lanthanum La
66%
Europium Eu
63%
Samarium Sm
63%
Neodymium Nd
62%
Promethium Pm
62%
Praseodymium Pr
62%
Terbium Tb
60%
Gold Au
59%
Gadolinium Gd
59%
Tin Sn
59%
Dysprosium Dy
58%
Erbium Er
56%
Hafnium Hf
56%
Holmium Ho
55%
Tantalum Ta
55%
Iridium Ir
53%
Osmium Os
53%
Antimony Sb
53%
Ytterbium Yb
53%
Lutetium Lu
52%
Bismuth Bi
51%
Platinum Pt
51%
Rhenium Re
51%
Lead Pb
49%
Polonium Po
49%
Thallium Tl
49%
Astatine At
47%
Radon Rn
47%
Thulium Tm
47%
Francium Fr
45%
Radium Ra
45%
Tungsten W
45%
Mercury Hg
43%
Actinium Ac
42%
Thorium Th
39%
Uranium U
38%
Neptunium Np
36%
Plutonium Pu
35%
Americium Am
34%
Curium Cm
31%
Protactinium Pa
30%
Berkelium Bk
29%
Californium Cf
28%
Einsteinium Es
27%
Fermium Fm
27%
Nobelium No
27%
Mendelevium Md
25%
Dubnium Db
21%
Lawrencium Lr
21%
Rutherfordium Rf
21%
Bohrium Bh
19%
Hassium Hs
18%
Seaborgium Sg
18%
Meitnerium Mt
16%
Darmstadtium Ds
15%
Roentgenium Rg
15%
Nihonium Nh
13%
Copernicium Cn
12%
Flerovium Fl
12%
Livermorium Lv
12%
Moscovium Mc
12%
Oganesson Og
12%
Tennessine Ts
12%
No matching quizzes found
Score Distribution
Percent of People with Each Score
Percentile by Number Answered
Your Score History
You have not taken this quiz